Eichmann en Jerusalén: un estudio sobre la banalidad del mal

Zapisane w:
Opis bibliograficzny
1. autor: Arendt, Hannah (Autor)
Format: Książka
Język:hiszpański
Wydane: Barcelona Lumen 2000
Wydanie:3a. ed
Seria:Colección Palabra en el Tiempo, 271
Hasła przedmiotowe:
Etykiety: Dodaj etykietę
Nie ma etykietki, Dołącz pierwszą etykiete!

MARC

LEADER 00000cam a2200000 a 4500
001 UCO7692
003 CL-VaPUC
008 001117e20000000SP |||||||||||||||||spa|d
020 |a 8426412718 
082 0 4 |a 341.69  |b ARE  |2 21 
100 0 |a Arendt, Hannah  |e author  |9 376197 
245 1 0 |a Eichmann en Jerusalén: un estudio sobre la banalidad del mal 
250 |a 3a. ed 
300 |a 460 p 
942 |c BK 
945 |d 20001117 00:00:00  |a rbrito 
260 |a Barcelona  |b Lumen  |c 2000 
600 0 |a Eichmann, Adolf,   |d 1906-1962  |9 452349 
650 0 |a Crímenes de guerra  |9 344323 
650 7 |a JUICIO DE GUERRA  |2 CL-VaPUC  |9 452350 
650 0 |a Judíos  |9 313771 
650 0 |a Antisemitismo  |9 314513 
651 0 |a Israel  |9 314378 
651 0 |a Alemania  |9 255688 
583 |a last modification  |c 20150406 09:21:54  |k Rodrigo Vera 
490 0 |a Colección Palabra en el Tiempo, 271 
999 |c 292575  |d 292573 
952 |0 0  |1 0  |4 0  |6 341_690000000000000_ARE_2000  |7 0  |8 A  |9 343515  |a BIBHIS  |b BIBHIS  |d 2019-11-20  |i 3660117  |o 341.69 ARE 2000  |p 3660117  |r 2025-01-20  |w 2019-11-20  |y BK  |k HIS 
952 |0 0  |1 0  |4 0  |6 341_690000000000000_ARE_2000  |7 0  |8 A  |9 343516  |a BIBHIS  |b BIBHIS  |d 2019-11-20  |i 3848515  |l 1  |m 2  |o 341.69 ARE 2000  |p 3848515  |r 2025-01-20  |s 2024-05-13  |w 2019-11-20  |y BK  |k HIS 
952 |0 0  |1 0  |3 erb  |4 0  |6 341_690000000000000_ARE_2000  |7 0  |8 A  |9 343517  |a BIBHIS  |b BIBHIS  |i 5159059  |o 341.69 ARE 2000  |p 5159059  |r 2025-01-20  |w 2019-11-20  |y BK  |z Catalogado en:20150409  |k HIS